000
00263nam a2200097Ia 4500
008
120527s9999 xx 000 0 und d
100
_a
MAO-HUN, Wang
245
_a
Potentialities for Agriculture engineering in rural development vol.I
260
_b
I.A
942
_c
BK
999
_c
25161
_d
25161